Loading...
ഏക് താരയിലെ പാട്ടുപാലങ്ങൾ
| Main Author: | |
|---|---|
| Other Authors: | |
| Format: | Printed Book |
| Subjects: |
| LEADER | 00565nam a22001337a 4500 | ||
|---|---|---|---|
| 020 | |a 9789383756681 | ||
| 082 | |a M915.4 |b MUS/E | ||
| 100 | |a മുസഫർ അഹമ്മദ് .വി | ||
| 245 | |a ഏക് താരയിലെ പാട്ടുപാലങ്ങൾ | ||
| 650 | |a Ektharayile Paattuppaalangal-travelogue-Malayalam | ||
| 700 | |a Musafer Ahammed.V | ||
| 942 | |c BK | ||
| 999 | |c 33700 |d 33700 | ||
| 952 | |0 0 |1 0 |4 0 |6 M_915_400000000000000_MUSE |7 0 |8 Stack |9 35662 |a KUCL |b KUCL |c Stack |d 2015-07-17 |g 80.00 |l 4 |m 2 |o M915.4 MUS/E |p 39804 |r 2019-03-20 |s 2019-02-21 |w 2015-07-17 |y BK | ||